[Event "ICS rated blitz match"]
[Site "204.178.125.65"]
[Date "2000.09.02"]
[Round "?"]
[White "Hossa"]
[Black "EXchess"]
[Result "1-0"]
[WhiteElo "2473"]
[BlackElo "2607"]
[PlyCount "103"]
[EventDate "2000.??.??"]

1. e4 e5 2. Nf3 Nc6 3. Nc3 Nf6 4. Nxe5 Nxe5 5. d4 Nc6 6. d5 Ne5 7. f4 Ng6 8. e5
Ng8 9. d6 c6 10. g3 b5 11. Ne4 Nh6 12. h4 Rg8 13. h5 Nh8 14. f5 Qa5+ 15. c3
Nxf5 16. Bh3 Nxg3 17. b4 Qd8 18. Nxg3 h6 19. Bf5 g5 20. Qe2 Qb6 21. Ne4 Kd8 22.
Nf6 Rg7 23. Be3 Qb7 24. Rg1 Qa6 25. Qf2 Rb8 26. Bxa7 Rb7 27. Be3 Rb8 28. Bg4
Rb7 29. Rc1 Rb8 30. Bf5 c5 31. bxc5 b4 32. cxb4 Rxb4 33. Rc3 Qa5 34. Qd2 Qb5
35. Rc1 Rb2 36. a4 Qb4 37. Rg4 Qxd2+ 38. Bxd2 Rxd2 39. Kxd2 Ng6 40. hxg6 fxg6
41. c6 dxc6 42. Bxc8 Bxd6 43. Rd4 Kxc8 44. exd6 Rd7 45. Rxc6+ Kb7 46. Nxd7 Kxc6
47. Ne5+ Kc5 48. Kd3 Kb6 49. d7 h5 50. d8=Q+ Ka6 51. Rb4 h4 52. Qa8# 1-0

[Event "ICS rated blitz match"]
[Site "204.178.125.65"]
[Date "2000.09.02"]
[Round "?"]
[White "EXchess"]
[Black "Hossa"]
[Result "1-0"]
[WhiteElo "2585"]
[BlackElo "2495"]
[PlyCount "111"]
[EventDate "2000.??.??"]

1. e4 e5 2. Nc3 Nf6 3. Nf3 Bb4 4. Nxe5 O-O 5. Be2 Re8 6. Nd3 Bxc3 7. dxc3 Nxe4
8. Nf4 d6 9. O-O Nd7 10. Re1 Ne5 11. a4 Bf5 12. a5 Qh4 13. Rf1 Bd7 14. a6 bxa6
15. Bxa6 Nc5 16. Be2 Bg4 17. f3 Bf5 18. Be3 Ned3 19. cxd3 Rxe3 20. Nd5 Qh6 21.
d4 Nb3 22. Ra3 Nc1 23. Bc4 Nd3 24. Qd2 Ree8 25. Qxh6 gxh6 26. Nxc7 Rec8 27.
Nxa8 Rxc4 28. Rxa7 Rc8 29. Nb6 Rb8 30. Nd5 Be6 31. Ne7+ Kg7 32. d5 Bc8 33. b4
Kf6 34. Rfa1 Ne5 35. Nxc8 Rxc8 36. R1a6 Rd8 37. b5 Nc4 38. Rc6 Ne3 39. c4 Kg7
40. b6 Re8 41. b7 Nd1 42. h4 Rb8 43. Rxd6 Ne3 44. c5 Nc4 45. Rda6 Ne3 46. c6
Nxd5 47. Ra8 Rxa8 48. bxa8=Q Nc7 49. Qc8 Ne6 50. Qxe6 fxe6 51. c7 Kf6 52. c8=Q
Ke5 53. Qc4 Kf6 54. Qxe6+ Kg7 55. Qf6+ Kg8 56. Ra8# 1-0

[Event "ICS rated standard match"]
[Site "204.178.125.65"]
[Date "2000.09.02"]
[Round "?"]
[White "Hossa"]
[Black "Irs149"]
[Result "1-0"]
[WhiteElo "2369"]
[BlackElo "2115"]
[PlyCount "33"]
[EventDate "2000.??.??"]

1. e4 c5 2. Nf3 d6 3. d4 cxd4 4. Nxd4 Nf6 5. Nc3 a6 6. Bg5 e6 7. f4 Be7 8. Qf3
Qc7 9. O-O-O Nbd7 10. g4 b5 11. Bxf6 Nxf6 12. g5 Nd7 13. f5 e5 14. f6 gxf6 15.
Nd5 Qd8 16. Nc6 Qa5 17. Nxa5 1-0

[Event "ICS rated standard match"]
[Site "204.178.125.65"]
[Date "2000.09.02"]
[Round "?"]
[White "Irs149"]
[Black "Hossa"]
[Result "0-1"]
[WhiteElo "2109"]
[BlackElo "2375"]
[PlyCount "95"]
[EventDate "2000.??.??"]

1. e4 c5 2. Nf3 e6 3. d4 cxd4 4. Nxd4 a6 5. Nc3 Qc7 6. Be3 Ba3 7. Bc1 Bf8 8.
Nb3 Bd6 9. Be2 Bxh2 10. Bf3 Be5 11. Bd2 Nc6 12. Qe2 Nf6 13. O-O-O d6 14. Qe1 b6
15. Be2 O-O 16. f3 d5 17. f4 Bxc3 18. Bxc3 Qxf4+ 19. Kb1 Nxe4 20. Rf1 Qc7 21.
Bd3 Nxc3+ 22. bxc3 f5 23. g4 Ne5 24. g5 b5 25. Rh1 g6 26. Qh4 Nf3 27. Qh3 Nxg5
28. Qh6 Ne4 29. Bxe4 dxe4 30. Rdg1 Qg7 31. Qg5 Ra7 32. Rg2 f4 33. Rgh2 Qxc3 34.
Qc5 Qxc5 35. Nxc5 e3 36. Nd3 f3 37. Rh3 f2 38. Nxf2 exf2 39. Rf1 h5 40. Rd3 Rc7
41. Rd2 Rcf7 42. Kb2 Rf3 43. Re2 h4 44. Rd2 h3 45. Rfd1 h2 46. Rd8 f1=R 47.
Rxf8+ Rxf8 48. Rxf1 0-1

[Event "ICS rated standard match"]
[Site "204.178.125.65"]
[Date "2000.09.02"]
[Round "?"]
[White "Hossa"]
[Black "jyq"]
[Result "1-0"]
[WhiteElo "2381"]
[BlackElo "2182"]
[PlyCount "89"]
[EventDate "2000.??.??"]

1. e4 c5 2. Nf3 d6 3. Bb5+ Nc6 4. O-O Bd7 5. c3 Nf6 6. Re1 g6 7. d4 Bg7 8. d5
Ne5 9. Bxd7+ Nexd7 10. c4 O-O 11. Nc3 a6 12. e5 dxe5 13. Nxe5 Nxe5 14. Rxe5 Ne8
15. Re2 Nd6 16. Bg5 Re8 17. Qd3 b5 18. cxb5 c4 19. Qe3 axb5 20. Qc5 Qd7 21.
Rae1 Bxc3 22. bxc3 f6 23. Bf4 Rec8 24. Qe3 Nf5 25. Qe4 Rd8 26. Rd2 Ra3 27. Qc2
g5 28. Bc7 Qxc7 29. Qxf5 Rxc3 30. Qe6+ Kf8 31. Qf5 Kg8 32. Qe6+ Kf8 33. Qf5 Kg7
34. Rde2 Rd7 35. h4 Rd3 36. hxg5 R3xd5 37. Rxe7+ Rxe7 38. gxf6+ Kf7 39. fxe7+
Rxf5 40. e8=Q+ Kf6 41. Re6+ Kg5 42. Qg8+ Kh5 43. g4+ Kh4 44. Rh6+ Rh5 45. Rxh5#
{jyq checkmated} 1-0

[Event "ICS rated standard match"]
[Site "204.178.125.65"]
[Date "2000.09.02"]
[Round "?"]
[White "MM3Quick"]
[Black "Hossa"]
[Result "0-1"]
[WhiteElo "2266"]
[BlackElo "2389"]
[PlyCount "86"]
[EventDate "2000.??.??"]

1. c3 e5 2. d3 d5 3. e4 dxe4 4. dxe4 Qxd1+ 5. Kxd1 Bc5 6. f3 Nf6 7. Bc4 O-O 8.
Kc2 a6 9. Bg5 b5 10. Bb3 a5 11. a4 b4 12. cxb4 Bxb4 13. Nc3 Nfd7 14. Nge2 Ba6
15. Rhd1 Nc5 16. Bd5 c6 17. Ba2 Nbd7 18. Be3 Rad8 19. b3 Rb8 20. Rd2 Rfd8 21.
Rad1 Rb7 22. Nc1 Rc7 23. Bxc5 Bxc5 24. Nd3 Bd4 25. Ne2 Be3 26. Nxe5 Bxd2 27.
Rxd2 Bxe2 28. Nxd7 Rcxd7 29. Rxe2 Kf8 30. Kc3 Rd3+ 31. Kc2 Rd1 32. g3 g5 33.
Rf2 Kg7 34. f4 gxf4 35. gxf4 Kf6 36. Bb1 h6 37. e5+ Ke7 38. Ba2 h5 39. b4 axb4
40. f5 f6 41. e6 c5 42. Rg2 Rf1 43. Rg7+ Kd6 {MM3Quick resigns} 0-1

[Event "ICS rated standard match"]
[Site "204.178.125.65"]
[Date "2000.09.02"]
[Round "?"]
[White "Hossa"]
[Black "kingkiller2"]
[Result "1-0"]
[WhiteElo "2400"]
[BlackElo "2161"]
[PlyCount "71"]
[EventDate "2000.??.??"]

1. e4 e6 2. d4 d5 3. Nd2 c5 4. exd5 cxd4 5. Bb5+ Bd7 6. dxe6 Bxb5 7. exf7+ Kxf7
8. Qh5+ g6 9. Qxb5 Qe7+ 10. Ne2 Nc6 11. Qc4+ Kg7 12. O-O Nf6 13. Nxd4 Nxd4 14.
Qxd4 Qc5 15. Qxf6+ Kxf6 16. Ne4+ Kf7 17. Nxc5 Bxc5 18. Re1 h6 19. Be3 Bxe3 20.
fxe3 Rad8 21. Rad1 Ke6 22. Rd4 Ke5 23. c3 Rhe8 24. Red1 Rxd4 25. cxd4+ Ke4 26.
Kf2 Rc8 27. Ke2 g5 28. Kd2 Rf8 29. Re1 h5 30. b3 b5 31. Ke2 Rc8 32. Kd2 b4 33.
Rc1 Rf8 34. Ke2 a5 35. Rc5 g4 36. Re5# 1-0

[Event "ICS Rated standard match"]
[Site "204.178.125.65"]
[Date "2000.09.02"]
[Round "?"]
[White "BrazilianMaster"]
[Black "Hossa"]
[Result "1-0"]
[WhiteElo "2526"]
[BlackElo "2406"]
[PlyCount "143"]
[EventDate "2000.??.??"]

1. e4 e5 2. Nf3 Nc6 3. d4 exd4 4. Nxd4 Nf6 5. Nc3 Bc5 6. Nxc6 bxc6 7. Bd3 d6 8.
O-O Rb8 9. Na4 Nd7 10. Qh5 Bd4 11. c3 Bf6 12. f4 O-O 13. Re1 Bh4 14. Re2 Re8
15. Be3 a6 16. b4 g6 17. Qf3 Nf6 18. h3 Nh5 19. g4 Nf6 20. Ba7 Ra8 21. Bd4 Bb7
22. Rd1 a5 23. Rb1 axb4 24. Rxb4 Bc8 25. g5 Nh5 26. Rg2 c5 27. Nxc5 dxc5 28.
Bxc5 Nxf4 29. Rd4 Nxh3+ 30. Kh1 Bd7 31. Bc4 Nxg5 32. Rxg5 Qxg5 33. Rxd7 Qc1+
34. Kh2 Qh6 35. Be3 Bg5+ 36. Kg2 c5 37. Rxf7 Kh8 38. Bxc5 Rad8 39. Bb3 Qh4 40.
Bd5 Rxd5 41. exd5 Bh6 42. Bd4+ Kg8 43. Rxh7 Re2+ 44. Qxe2 Kxh7 45. Qe5 Qg4+ 46.
Kf2 Qh4+ 47. Ke2 Qg4+ 48. Kd3 Qd1+ 49. Kc4 Qa4+ 50. Kc5 Qa5+ 51. Kc6 Qa6+ 52.
Kc7 Qa5+ 53. Kd7 Qa4+ 54. Ke7 Qa8 55. d6 Bf8+ 56. Kd7 Qb7+ 57. Ke6 Qc8+ 58. Kf7
Bh6 59. Qf6 Qc4+ 60. Ke7 Qg8 61. d7 Bg5 62. Qxg5 Qf8+ 63. Ke6 Qg8+ 64. Kd6 Qb8+
65. Kc6 Qa8+ 66. Kc7 Qh1 67. Qf6 Qh2+ 68. Kc8 Kh6 69. Be3+ Qf4 70. Bxf4+ Kh7
71. Qf7+ Kh8 72. d8=Q# {Hossa checkmated} 1-0

[Event "ICS rated standard match"]
[Site "204.178.125.65"]
[Date "2000.09.02"]
[Round "?"]
[White "Hossa"]
[Black "BrazilianMaster"]
[Result "0-1"]
[WhiteElo "2395"]
[BlackElo "2559"]
[PlyCount "150"]
[EventDate "2000.??.??"]

1. e4 e5 2. Nf3 Nc6 3. Nc3 Nf6 4. Nxe5 Nxe5 5. d4 Nc6 6. d5 Ne5 7. f4 Ng6 8. e5
Ng8 9. d6 cxd6 10. exd6 Qf6 11. Nb5 Kd8 12. Be3 Nxf4 13. Qd2 Ne6 14. O-O-O b6
15. Nxa7 Ke8 16. Bxb6 Bb7 17. Bc4 Qh4 18. Bb3 Nf6 19. Nb5 Ne4 20. Qe3 g6 21.
Kb1 Bh6 22. Qe2 Ra6 23. Nc7+ Nxc7 24. Bxc7 Ra7 25. Bb6 Ra8 26. Qb5 Bg7 27.
Bxf7+ Kf8 28. Bb3 Nf6 29. g3 Ba6 30. Qe5 Qe4 31. Qe7+ Qxe7 32. dxe7+ Ke8 33.
Rhe1 Bb7 34. Bd4 Bf3 35. Rd3 Bg4 36. Rc3 h5 37. Rc7 h4 38. Bc4 hxg3 39. hxg3
Bf5 40. b4 Nh5 41. Bb2 Bxb2 42. Kxb2 Rh7 43. Bd5 Rb8 44. a3 Nxg3 45. Rc3 Nh5
46. Rce3 Nf4 47. Be4 Bxe4 48. Rxe4 Ne6 49. Rg1 g5 50. Rf1 Kxe7 51. Re2 Rh3 52.
Rf5 Rg8 53. Rd5 g4 54. Red2 Nf8 55. Re2+ Kd8 56. Rd1 g3 57. Rg1 Ne6 58. Re3 Nf4
59. Re4 Rh4 60. Re5 g2 61. Ree1 Nh3 62. Rxg2 Rxg2 63. Kb3 Rg3+ 64. c3 Nf2 65.
Re2 Nd1 66. Rc2 Rhh3 67. a4 Nxc3 68. a5 Nd5+ 69. Ka4 Rb3 70. Kb5 Rxb4+ 71. Kc5
Rhh4 72. a6 Nc7 73. Rb2 Rxb2 74. Kd6 Rh5 75. a7 Nb5# {Hossa checkmated} 0-1

[Event "ICS rated standard match"]
[Site "204.178.125.65"]
[Date "2000.09.02"]
[Round "?"]
[White "PostModernist"]
[Black "Hossa"]
[Result "1/2-1/2"]
[WhiteElo "2399"]
[BlackElo "2386"]
[PlyCount "170"]
[EventDate "2000.??.??"]

1. d4 Nf6 2. c4 e6 3. Nf3 d5 4. Nc3 Be7 5. Bf4 c5 6. dxc5 Bxc5 7. Qc2 Nc6 8.
Rd1 Qe7 9. cxd5 Nxd5 10. Nxd5 exd5 11. a3 Be6 12. e3 f6 13. Bb5 Rc8 14. Rc1
Bb4+ 15. Kf1 a6 16. Ba4 b5 17. axb4 Na7 18. Bxb5+ axb5 19. Qd2 Rxc1+ 20. Qxc1
Qxb4 21. Nd4 Bd7 22. f3 O-O 23. Qc7 Qc4+ 24. Kf2 Qxc7 25. Bxc7 Nc6 26. Nxb5 Rc8
27. Bd6 Ne5 28. Nc7 Nc4 29. Bg3 Nxb2 30. Rb1 Nd3+ 31. Ke2 Ne5 32. Bxe5 fxe5 33.
Nxd5 Rc2+ 34. Kf1 Be6 35. Nb4 Rc8 36. h4 Bc4+ 37. Kf2 Rb8 38. e4 g6 39. Ke3 Kg7
40. f4 exf4+ 41. Kxf4 Rb5 42. g3 Kf7 43. g4 h6 44. Ke3 Ke8 45. Kf3 Rb7 46. Kf4
Bd3 47. Rb2 g5+ 48. hxg5 hxg5+ 49. Kxg5 Bxe4 50. Kf4 Bc2 51. Rxc2 Rxb4+ 52. Kf5
Kf8 53. g5 Kg8 54. g6 Rb5+ 55. Kf6 Rb6+ 56. Kg5 Rb8 57. Kh6 Rd8 58. Rc1 Re8 59.
Rc6 Rf8 60. Rd6 Re8 61. g7 Rc8 62. Rf6 Rd8 63. Re6 Rc8 64. Rd6 Rb8 65. Rc6 Rd8
66. Rf6 Re8 67. Rb6 Rd8 68. Ra6 Rc8 69. Re6 Rd8 70. Rb6 Rc8 71. Kh5 Kxg7 72.
Kg4 Kh7 73. Kf4 Kh8 74. Kf5 Kg8 75. Ke5 Kh8 76. Ra6 Kg8 77. Ra7 Kh8 78. Kd4 Kg8
79. Kd5 Kh8 80. Ke5 Rd8 81. Kf5 Kg8 82. Ke5 Kh8 83. Kf5 Kg8 84. Ke5 Kh8 85. Kf5
Kg8 1/2-1/2

[Event "ICS rated blitz match"]
[Site "204.178.125.65"]
[Date "2000.09.02"]
[Round "?"]
[White "PostModernist"]
[Black "Hossa"]
[Result "1-0"]
[WhiteElo "2703"]
[BlackElo "2483"]
[PlyCount "103"]
[EventDate "2000.??.??"]

1. d4 d5 2. Nf3 Nf6 3. e3 e6 4. Bd3 c5 5. c3 Be7 6. O-O O-O 7. Bd2 Nc6 8. Ne5
Nxe5 9. dxe5 Nd7 10. Qg4 c4 11. Bc2 Nxe5 12. Bxh7+ Kxh7 13. Qh5+ Kg8 14. Qxe5
Bd6 15. Qh5 e5 16. Rd1 g6 17. Qe2 Bf5 18. Be1 Bd3 19. Qg4 e4 20. Nd2 Kg7 21. g3
Rh8 22. Rdc1 Qb6 23. b4 f5 24. Qd1 Rh3 25. a3 Rah8 26. Nf1 Qc6 27. Ra2 Bxf1 28.
Kxf1 Rxh2 29. Qd4+ Kf7 30. Rd2 Rh1+ 31. Ke2 R8h2 32. Rcd1 Bxg3 33. Qxa7 Rg1 34.
Rxd5 Rxe1+ 35. Kxe1 Rxf2 36. Rc5 Rf3+ 37. Kd2 Qd7+ 38. Kc2 Rf2+ 39. Kc1 Qe7 40.
Rcd5 Kf6 41. Rg1 Ke6 42. Qd4 Qc7 43. Rb5 Rf3 44. Rb6+ Kf7 45. Qf6+ Kg8 46.
Qxg6+ Qg7 47. Qe8+ Qf8 48. Rg6+ Kh7 49. Rh1+ Bh2 50. Rxh2+ Rh3 51. Rxh3+ Qh6
52. Rhxh6# 1-0

[Event "ICS rated blitz match"]
[Site "204.178.125.65"]
[Date "2000.09.02"]
[Round "?"]
[White "Hossa"]
[Black "PostModernist"]
[Result "1/2-1/2"]
[WhiteElo "2476"]
[BlackElo "2710"]
[PlyCount "97"]
[EventDate "2000.??.??"]

1. e4 c5 2. Nc3 Nc6 3. g3 g6 4. Bg2 Bg7 5. d3 d6 6. f4 Rb8 7. Nf3 Bg4 8. h3
Bxf3 9. Qxf3 e6 10. O-O Nge7 11. Qf2 Bd4 12. Be3 Bxe3 13. Qxe3 O-O 14. Nb5 a6
15. Na3 Qd7 16. c3 b5 17. Rfe1 Rfd8 18. Qf2 b4 19. Nc4 Qe8 20. e5 dxe5 21. fxe5
bxc3 22. bxc3 Rxd3 23. Nd6 Qf8 24. Ne4 Qh6 25. Nxc5 Rxc3 26. Rad1 Ra3 27. Nd7
Rc8 28. Nf6+ Kh8 29. Rd7 Qf8 30. g4 h6 31. Rb7 Ra5 32. Nd7 Qg7 33. Bxc6 Nxc6
34. Rc1 Rb5 35. Rxb5 axb5 36. Qf3 f5 37. Nb6 Qxe5 38. Nxc8 Nd4 39. Qd1 Qg3+ 40.
Kf1 Qxh3+ 41. Kg1 Qg3+ 42. Kh1 Qh3+ 43. Kg1 Qe3+ 44. Kg2 fxg4 45. Qxg4 Qd2+ 46.
Kh3 Qe3+ 47. Kg2 Qd2+ 48. Kh3 Qe3+ 49. Kg2 1/2-1/2

[Event "ICS rated blitz match"]
[Site "204.178.125.65"]
[Date "2000.09.02"]
[Round "?"]
[White "Lippy"]
[Black "Hossa"]
[Result "1-0"]
[WhiteElo "2761"]
[BlackElo "2485"]
[PlyCount "77"]
[EventDate "2000.??.??"]

1. d4 d5 2. c4 e6 3. g3 Nf6 4. cxd5 exd5 5. Bg2 Bd6 6. Nc3 c6 7. Nf3 O-O 8. O-O
Na6 9. Bg5 Re8 10. Re1 Bg4 11. e4 Be7 12. e5 Nd7 13. Bxe7 Qxe7 14. h3 Bf5 15.
Qd2 Nb6 16. Nh4 Be6 17. Ne2 Nc4 18. Qc3 Qb4 19. b3 Na3 20. Rac1 Bd7 21. Qd3 Qb6
22. Nc3 Nb4 23. Qd2 Qd8 24. Nb1 Qa5 25. Re2 Be6 26. Nc3 Nb5 27. Nxb5 Qxb5 28.
Re3 Qa5 29. f4 Re7 30. f5 Bd7 31. f6 Ree8 32. fxg7 Kxg7 33. Rf3 Be6 34. Qg5+
Kf8 35. Rxf7+ Kxf7 36. Rf1+ Bf5 37. Qf6+ Kg8 38. Nxf5 Nxa2 39. Qg7# {
Hossa checkmated} 1-0

[Event "ICS rated blitz match"]
[Site "204.178.125.65"]
[Date "2000.09.02"]
[Round "?"]
[White "Hossa"]
[Black "PostModernist"]
[Result "1-0"]
[WhiteElo "2480"]
[BlackElo "2701"]
[PlyCount "73"]
[EventDate "2000.??.??"]

1. e4 Nc6 2. Nf3 f5 3. exf5 d5 4. Bb5 Bxf5 5. Ne5 Qd6 6. d4 Bd7 7. Bxc6 Bxc6 8.
O-O Qe6 9. c4 dxc4 10. Na3 O-O-O 11. Be3 b5 12. Qc2 g6 13. b3 Bg7 14. Nxc6 Qxc6
15. bxc4 b4 16. Nb5 Qb7 17. d5 Bxa1 18. Nxa7+ Kd7 19. Qa4+ Kd6 20. Rxa1 Nf6 21.
Nb5+ Kd7 22. Nd4+ Kc8 23. Rb1 Rd6 24. Nc6 b3 25. Na7+ Kd8 26. Rxb3 Rb6 27. Nc6+
Kc8 28. Nxe7+ Kd8 29. Nc6+ Kc8 30. Bxb6 cxb6 31. Qb4 Re8 32. Ra3 Rd8 33. f3
Nxd5 34. cxd5 Rxd5 35. Qf8+ Kc7 36. Nd8 Rd1+ 37. Kf2 1-0

[Event "ICS rated blitz match"]
[Site "204.178.125.65"]
[Date "2000.09.02"]
[Round "?"]
[White "PostModernist"]
[Black "Hossa"]
[Result "1-0"]
[WhiteElo "2679"]
[BlackElo "2505"]
[PlyCount "185"]
[EventDate "2000.??.??"]

1. d4 Nf6 2. c4 e6 3. Nf3 d5 4. Nc3 Be7 5. cxd5 exd5 6. Bf4 O-O 7. e3 Nh5 8.
Bg3 Nxg3 9. hxg3 h6 10. Qb3 c6 11. Bd3 Nd7 12. O-O-O Nf6 13. Rde1 c5 14. dxc5
Bxc5 15. Rd1 Qc7 16. Qc2 Be6 17. g4 Bxg4 18. Nxd5 Nxd5 19. Bh7+ Kh8 20. Rxd5
Rac8 21. Kb1 Bb6 22. Qxc7 Rxc7 23. Be4 f5 24. Ne5 fxe4 25. Nxg4 Re8 26. a4 Kg8
27. a5 Bc5 28. Rc1 Rec8 29. Rc4 b6 30. axb6 Bxb6 31. Rxe4 Rc1+ 32. Ka2 Rb8 33.
Ne5 Kh7 34. Rd7 Rc5 35. Nc4 Rg5 36. g4 Rc5 37. b3 Rf8 38. f4 Rc6 39. Ree7 Rg8
40. f5 Rf6 41. e4 Bc5 42. Re6 Rxe6 43. fxe6 Re8 44. Rc7 Bb4 45. Rc6 Rf8 46. e5
Rf2+ 47. Kb1 Rg2 48. Nd6 Re2 49. e7 Re1+ 50. Kc2 Rxe5 51. e8=Q Rxe8 52. Nxe8 a5
53. Rc7 Bf8 54. Ra7 Kg8 55. Kd3 Bc5 56. Rxa5 Bf2 57. Rd5 g6 58. Rd7 Kf8 59. Ng7
Be1 60. Ne6+ Ke8 61. Rg7 h5 62. g5 h4 63. Rxg6 Ke7 64. Nd4 Kd7 65. Rh6 Bg3 66.
Rh7+ Ke8 67. Nf5 Kd8 68. Nxg3 hxg3 69. Ke2 Ke8 70. g6 Kf8 71. g7+ Kf7 72. g8=Q+
Kxg8 73. Kf3 Kxh7 74. b4 Kg6 75. b5 Kf5 76. b6 Ke5 77. b7 Kd5 78. b8=Q g2 79.
Kxg2 Kc6 80. Qe5 Kd7 81. Qf6 Kc7 82. Kf3 Kd7 83. Qe5 Kc6 84. Ke4 Kb6 85. Qc3
Kb7 86. Qc5 Kb8 87. Qd6+ Kc8 88. Qe7 Kb8 89. Qf7 Kc8 90. Kd5 Kd8 91. Qg7 Ke8
92. Kd6 Kd8 93. Qh8# {Hossa checkmated} 1-0

[Event "ICS rated blitz match"]
[Site "204.178.125.65"]
[Date "2000.09.02"]
[Round "?"]
[White "Hossa"]
[Black "PostModernist"]
[Result "0-1"]
[WhiteElo "2496"]
[BlackElo "2688"]
[PlyCount "188"]
[EventDate "2000.??.??"]

1. e4 c6 2. d4 d5 3. Nd2 dxe4 4. Nxe4 Nd7 5. Nf3 Ngf6 6. Nxf6+ Nxf6 7. Bd3 Bg4
8. c3 e6 9. h3 Bh5 10. g4 Bg6 11. Bxg6 hxg6 12. g5 Nh5 13. Bd2 Qd5 14. Qe2 Bd6
15. c4 Qf5 16. Kd1 Nf4 17. Bxf4 Bxf4 18. Qc2 Rxh3 19. Qxf5 Rxh1+ 20. Kc2 gxf5
21. Rxh1 Ke7 22. Rh4 Bc7 23. Rh7 g6 24. a4 Rd8 25. b4 a5 26. bxa5 Bxa5 27. Rh1
Bc7 28. Rb1 Rb8 29. c5 Kd7 30. Rb3 Ra8 31. Rb4 Ra7 32. Kd3 Ke7 33. Ne5 f6 34.
gxf6+ Kxf6 35. Nd7+ Ke7 36. Ne5 Bxe5 37. dxe5 g5 38. Kc3 g4 39. Kc2 Ra5 40. Kd2
Rxc5 41. Rxb7+ Kd8 42. Ra7 Rxe5 43. Kd3 Kc8 44. Re7 Kb8 45. Kd2 f4 46. Rg7 Ra5
47. Rxg4 e5 48. Rg5 Kc7 49. Ke2 Kd6 50. Rg6+ Kd5 51. Rg8 Rxa4 52. Rd8+ Ke4 53.
f3+ Kf5 54. Rf8+ Ke6 55. Re8+ Kd5 56. Rd8+ Kc5 57. Re8 Ra2+ 58. Kd3 Ra3+ 59.
Ke4 Re3+ 60. Kf5 Rxf3 61. Rxe5+ Kb4 62. Re1 Re3 63. Rb1+ Rb3 64. Rf1 f3 65. Rf2
c5 66. Kf4 c4 67. Ke4 Rd3 68. Rb2+ Ka4 69. Rf2 Kb5 70. Rb2+ Rb3 71. Rf2 Kb4 72.
Kf5 Re3 73. Kg4 c3 74. Kg5 Re5+ 75. Kf4 Rc5 76. Rf1 c2 77. Kg3 c1=Q 78. Rxc1
Rxc1 79. Kxf3 Rc4 80. Ke3 Kc3 81. Ke2 Re4+ 82. Kf2 Kd4 83. Kf3 Kd3 84. Kf2 Rf4+
85. Kg2 Ke4 86. Kg3 Ke3 87. Kg2 Rg4+ 88. Kh3 Kf4 89. Kh2 Rg3 90. Kh1 Rg5 91.
Kh2 Kf3 92. Kh1 Rh5+ 93. Kg1 Rh7 94. Kf1 Rh1# {Hossa checkmated} 0-1

[Event "ICS rated blitz match"]
[Site "204.178.125.65"]
[Date "2000.09.02"]
[Round "?"]
[White "PostModernist"]
[Black "Hossa"]
[Result "1-0"]
[WhiteElo "2696"]
[BlackElo "2488"]
[PlyCount "79"]
[EventDate "2000.??.??"]

1. e4 c5 2. c3 e6 3. d4 d5 4. e5 Bd7 5. Nf3 Qb6 6. Be2 cxd4 7. cxd4 Nc6 8. O-O
Rc8 9. Na3 Bxa3 10. bxa3 Nge7 11. Be3 Na5 12. Bd2 Nc4 13. Rb1 Qc7 14. Bb4 Nc6
15. Bd3 a5 16. Bc5 b6 17. Bxc4 bxc5 18. Ba6 Rb8 19. dxc5 Qa7 20. Bb5 Rxb5 21.
Rxb5 Nxe5 22. Rb3 Nxf3+ 23. Qxf3 O-O 24. Rc1 Qc7 25. c6 Rc8 26. Qe3 Bxc6 27.
Qb6 Qf4 28. Rbb1 g6 29. Rxc6 Ra8 30. Qb7 Rf8 31. Ra6 Qd2 32. h3 Qc3 33. Qb2 Qc7
34. Qd2 h5 35. Rc1 Qe5 36. Rxa5 Rb8 37. Qh6 Qg7 38. Qf4 Rb7 39. Rc8+ Kh7 40.
Raa8 {Hossa resigns} 1-0

[Event "ICS rated blitz match"]
[Site "204.178.125.65"]
[Date "2000.09.02"]
[Round "?"]
[White "Colorado"]
[Black "Hossa"]
[Result "1/2-1/2"]
[WhiteElo "2597"]
[BlackElo "2481"]
[PlyCount "79"]
[EventDate "2000.??.??"]

1. d4 Nf6 2. Nf3 e6 3. c4 Bb4+ 4. Bd2 Be7 5. Nc3 d5 6. Bg5 h6 7. Bh4 g5 8. Bg3
Ne4 9. cxd5 Nxg3 10. hxg3 exd5 11. e3 c6 12. Qc2 Be6 13. Bd3 g4 14. Nh4 Nd7 15.
Bf5 Bg5 16. Bxe6 fxe6 17. Qg6+ Ke7 18. O-O-O Qe8 19. Qd3 Rg8 20. f4 gxf3 21.
gxf3 Bxh4 22. gxh4 Qf7 23. Rhg1 Qxf3 24. Qh7+ Qf7 25. Qxh6 Raf8 26. h5 Qf5 27.
Rg6 Nf6 28. Rdg1 Rxg6 29. hxg6 Rg8 30. Kd2 Qf2+ 31. Ne2 Ne4+ 32. Kd1 Kd6 33. g7
Ke7 34. a3 Qf3 35. Qh4+ Qf6 36. Qh7 Kf7 37. Qh5+ Ke7 38. Qh7 Kf7 39. Qh5+ Ke7
40. Qh7 1/2-1/2

[Event "ICS rated blitz match"]
[Site "204.178.125.65"]
[Date "2000.09.02"]
[Round "?"]
[White "Hossa"]
[Black "Colorado"]
[Result "0-1"]
[WhiteElo "2486"]
[BlackElo "2592"]
[PlyCount "96"]
[EventDate "2000.??.??"]

1. e4 e5 2. Nf3 Nc6 3. Nc3 Bb4 4. a3 Bxc3 5. dxc3 Nf6 6. Bg5 O-O 7. Bb5 h6 8.
Bxf6 Qxf6 9. Qd5 a6 10. Ba4 Qf4 11. O-O Rb8 12. Rfd1 d6 13. Bxc6 bxc6 14. Qxc6
Rxb2 15. Qxc7 Bg4 16. Qxd6 Bxf3 17. gxf3 Qxf3 18. Qd3 Qg4+ 19. Kh1 Rfb8 20.
Rac1 Qf4 21. f3 a5 22. Rf1 Kh7 23. c4 a4 24. Qd7 R8b3 25. Qg4 Rxa3 26. Qxf4
exf4 27. Rf2 Rc3 28. Ra1 a3 29. h4 a2 30. Kg1 Rcxc2 31. Rxc2 Rxc2 32. Kf1 Rb2
33. Rxa2 Rxa2 34. c5 Kg6 35. c6 Kh5 36. Ke1 Kxh4 37. c7 Rc2 38. c8=Q Rxc8 39.
Ke2 Kg3 40. e5 h5 41. Kd2 Kxf3 42. Kd3 h4 43. Kd4 h3 44. Kd5 h2 45. Kd6 h1=Q
46. Ke7 Rc7+ 47. Kd6 Qc1 48. e6 Qc5# {Hossa checkmated} 0-1

[Event "ICS rated blitz match"]
[Site "204.178.125.65"]
[Date "2000.09.02"]
[Round "?"]
[White "Hossa"]
[Black "PostModernist"]
[Result "0-1"]
[WhiteElo "2475"]
[BlackElo "2703"]
[PlyCount "124"]
[EventDate "2000.??.??"]

1. d4 Nf6 2. c4 g6 3. Nc3 d5 4. Qb3 dxc4 5. Qxc4 Bg7 6. e4 O-O 7. Nf3 Nc6 8. d5
Na5 9. Qa4 c6 10. dxc6 Nxc6 11. Bb5 Bd7 12. O-O a6 13. Be2 Qc7 14. Bg5 Ng4 15.
Nd5 Qd8 16. Qb3 b5 17. Rfd1 h6 18. Bh4 Re8 19. Bg3 Rc8 20. h3 Nf6 21. Nxf6+
exf6 22. Qd5 Be6 23. Qc5 Qa5 24. a4 Nb4 25. Qd6 bxa4 26. Nd4 Red8 27. Qf4 Bc4
28. Qe3 Bxe2 29. Qxe2 Qb6 30. Nf3 Rc2 31. Rxd8+ Qxd8 32. Rd1 Qa5 33. Rd2 Rxd2
34. Qxd2 a3 35. bxa3 Qxa3 36. Qd8+ Kh7 37. Nh2 Qc1+ 38. Nf1 Qc4 39. Qd7 Qxe4
40. Qxf7 a5 41. Bd6 Qd4 42. Bb8 a4 43. Ba7 Qc3 44. Be3 a3 45. Qa7 Nc6 46. Qa8
Qb2 47. Qxc6 a2 48. Bc1 Qd4 49. Be3 Qd1 50. Qc4 a1=Q 51. Qb5 Qc2 52. f4 Qe1 53.
g3 Qed1 54. Bf2 Qe4 55. f5 Qdf3 56. fxg6+ Kxg6 57. Qe8+ Qxe8 58. Nd2 Qd1+ 59.
Kh2 Qxd2 60. Kg1 Qee2 61. g4 Qxf2+ 62. Kh1 Qd5# {Hossa checkmated} 0-1

[Event "ICS rated blitz match"]
[Site "204.178.125.65"]
[Date "2000.09.02"]
[Round "?"]
[White "PostModernist"]
[Black "Hossa"]
[Result "1-0"]
[WhiteElo "2710"]
[BlackElo "2468"]
[PlyCount "117"]
[EventDate "2000.??.??"]

1. d4 Nf6 2. c4 e6 3. Nf3 b6 4. g3 Ba6 5. b3 Bb4+ 6. Bd2 Be7 7. Bg2 c6 8. Nc3
d5 9. Ne5 O-O 10. O-O dxc4 11. Bxc6 Nxc6 12. Nxc6 Qd6 13. Nxe7+ Qxe7 14. Bg5 h6
15. Bxf6 Qxf6 16. Ne4 Qg6 17. f3 Rad8 18. Rc1 f5 19. Nc3 f4 20. Kg2 Rf7 21.
bxc4 Bxc4 22. Qd2 fxg3 23. hxg3 Rfd7 24. Rfd1 Qf7 25. Qe3 e5 26. dxe5 Rxd1 27.
Rxd1 Rxd1 28. Nxd1 Bxa2 29. Nc3 Bc4 30. Ne4 Qd5 31. Nd6 g5 32. Kf2 Bb5 33. Nc8
Qe6 34. Nxa7 Bc4 35. Qe4 Bd5 36. Qd4 Kh7 37. Nb5 Qc6 38. Qd3+ Kh8 39. Nd4 Qc5
40. Qe3 Kg8 41. e6 Kf8 42. Qe5 Ke8 43. Qb8+ Ke7 44. Qa7+ Kf6 45. Qf7+ Ke5 46.
Qg7+ Kd6 47. Qd7+ Ke5 48. e3 Qf8 49. e7 Qf7 50. e8=Q+ Qxe8 51. Qxe8+ Kf6 52.
Qd8+ Kf7 53. Qxd5+ Ke7 54. Nf5+ Kf6 55. Qd6+ Kf7 56. Qe7+ Kg6 57. Qe6+ Kh7 58.
Qxh6+ Kg8 59. Qg7# {Hossa checkmated} 1-0